000 00538nam a2200181Ia 4500
999 _c29998
_d29998
003 OSt
005 20231215101659.0
008 190216s9999||||xx |||||||||||||| ||und||
020 _a9788188013180
040 _coclc
082 _a894.8124
_bAZH/J
100 0 _aAzheekode, Sukumar
_d1926-2012
_91868
245 0 _aJanalakkazhchakal /
_cSukumar Azhikode
260 _bPoorna Publications,
_c2009.
_a Kozhikode:
300 _a112p
650 _aEssay Malayalam
942 _cBK
_2ddc
_h894.8124
_iAZH/J
_k894.8124
_mAZH/J